Antenna dei padroni (L'). Radiotelevisione e sistema dell'informazione (Record no. 73097)

MARC details
000 -LEADER
fixed length control field 01555nam a2200301Ia 4500
001 - CONTROL NUMBER
control field E6551
003 - CONTROL NUMBER IDENTIFIER
control field IT-RoPAU
008 - FIXED-LENGTH DATA ELEMENTS--GENERAL INFORMATION
fixed length control field 130308s9999 xx 000 0 und d
040 ## - CATALOGING SOURCE
Original cataloging agency IT-RoPAU
040 ## - CATALOGING SOURCE
Transcribing agency IT-RoPAU
041 ## - LANGUAGE CODE
Language code of text/sound track or separate title ITALIANO
999 ## - SYSTEM CONTROL NUMBERS (KOHA)
Koha Dewey Subclass [OBSOLETE] SI
100 ## - MAIN ENTRY--PERSONAL NAME
Personal name Siliato Francesco
100 ## - MAIN ENTRY--PERSONAL NAME
Miscellaneous information Codice Aut. SPICS: 1259
245 ## - TITLE STATEMENT
Title Antenna dei padroni (L'). Radiotelevisione e sistema dell'informazione
245 ## - TITLE STATEMENT
Remainder of title Antenna dei padroni (L'). radiotelevisione e Sistema dell'Informazione
250 ## - EDITION STATEMENT
Edition statement 1a ed.
260 ## - PUBLICATION, DISTRIBUTION, ETC. (IMPRINT)
Place of publication, distribution, etc. MILANO
260 ## - PUBLICATION, DISTRIBUTION, ETC. (IMPRINT)
Name of publisher, distributor, etc. Mazzotta
260 ## - PUBLICATION, DISTRIBUTION, ETC. (IMPRINT)
Date of publication, distribution, etc. 1977 [1° Ed.:1977 - Ed.Ling.Originale:1977]
300 ## - PHYSICAL DESCRIPTION
Extent "256 p. (prefazione: no ; testo: 256)"
500 ## - GENERAL NOTE
General note "Critica della Libertà di Antenna. per la Storia della radiotelevisione Initalia, Cronologia Ragionata: 1923/1944: Radio e Origini del monopolio Imperfetto; 1944/1954: Dall'Eiar Alla Rai; 1954/1968: Sviluppo della Televisione; 1968/1972: Crisi del Monopolio; 1972/1977: riforma e Libertà di Antenna. Privato e Pubblico: Critica di Alcune Ideologie Correnti: Nascita della Radio e della Libertà di Antenna, Sviluppo Capitalistico della Radiotelevisione, Pubblicità Informazione ed Economia, Sistema Globale dell'Informazione, Informazione di Stato e Stato dell'Informazione, Terza fase e Progettoneocorporativo, Rapporto Sulle Emittenti Libere: Sistema informativo Italiano ed Emittenti Locali. indicazioni Bibliografiche."
650 ## - SUBJECT ADDED ENTRY--TOPICAL TERM
Topical term or geographic name as entry element INDUSTRIA TELEVISIVA
650 ## - SUBJECT ADDED ENTRY--TOPICAL TERM
Relator term Codice materia Spics: 6956
942 ## - ADDED ENTRY ELEMENTS (KOHA)
Koha item type LIBRO
957 ## -
-- 1
999 ## - SYSTEM CONTROL NUMBERS (KOHA)
-- 1
Holdings
Withdrawn status Lost status Damaged status Not for loan Home library Current library Date acquired Total Checkouts Full call number Date last seen Price effective from Koha item type Public note
    Buone Condizioni Not For Loan SPICS-MEDIATECA SPICS-MEDIATECA 08/03/2013   E6551 08/03/2013 08/03/2013 LIBRO Progressivo inserimento: 44444 / N. Volumi: 1 Copie: 1 Copia Rara: SI / data import: 1 marzo 2013 - By Epidotti, Trombetti, Vaglietti.
CREDITS: SOCIETA' SAN PAOLO Via A.Severo, 58 - ROMA (RM) & PERIODICI SAN PAOLO SRL Via Giotto, 36 MILANO & CISF Via Giotto, 36 MILANO & EDIZIONI SAN PAOLO SRL,  Piazza Soncino, 5 CINISELLO BALSAMO (MI) -- ITALY